|
|
|
|
| LEADER |
01592ncm a2200445 a 4500 |
| 001 |
001139947 |
| 003 |
CZ BrMZK |
| 005 |
20160923101935.0 |
| 007 |
qu |
| 008 |
110303s1996 fr pta g nn lat d |
| 024 |
2 |
|
|q (Brož.)
|
| 028 |
2 |
1 |
|a E.A.S. 16 767-16 770 Sol.
|b Salabert
|
| 040 |
|
|
|a BOA001
|b cze
|
| 041 |
0 |
|
|a lat
|a eng
|
| 048 |
|
|
|a ka01
|b va01
|
| 072 |
|
7 |
|a 784
|x Vokální hudba
|2 Konspekt
|9 9
|
| 080 |
|
|
|a 784.4
|2 MRF
|
| 080 |
|
|
|a 78.087.684
|2 MRF
|
| 080 |
|
|
|a 783:78.087.684
|2 MRF
|
| 080 |
|
|
|a 783.4:78.087.684
|2 MRF
|
| 080 |
|
|
|a partitury
|2 MRF
|
| 100 |
1 |
|
|a Poulenc, Francis,
|d 1899-1963
|7 jn19990006661
|4 cmp
|
| 245 |
1 |
0 |
|a Four motets for the season of lent
|h [hudebnina] :
|b for mixed chorus a capella /
|c Francis Poulenc ; english version Hugh Ross
|
| 260 |
|
|
|a Paris :
|b Salabert,
|c [1996]
|
| 300 |
|
|
|a 1 partitura (29 s.) ;
|c 27 cm
|
| 490 |
1 |
|
|a Choeurs
|
| 505 |
0 |
0 |
|t Timor et tremor --
|t Vinea mea electa --
|t Tenebrae factae sunt --
|t Tristis est anima mea
|
| 546 |
|
|
|a Text latinsky a anglicky
|
| 648 |
|
4 |
|a 19.-20. stol.
|
| 650 |
0 |
7 |
|a smíšené sbory
|7 ph291750
|2 czenas
|
| 650 |
0 |
4 |
|a duchovní hudba (smíšený sbor, klavír)
|
| 650 |
0 |
7 |
|a duchovní hudba
|7 ph114372
|z Francie
|y 19.-20. stol.
|2 czenas
|
| 650 |
0 |
4 |
|a moteta (smíšený sbor, klavír)
|
| 655 |
|
7 |
|a partitury
|7 fd185981
|2 czenas
|
| 700 |
1 |
|
|a Ross, Hugh,
|d 1898-1990
|7 mzk2009512226
|4 lyr
|
| 830 |
|
0 |
|a Choeurs
|
| 910 |
|
|
|a BOA001
|b Mus3-1263.008
|
| 990 |
|
|
|a MU
|
| 991 |
|
|
|b 201103
|c NOV
|
| 996 |
6 |
|
|b 2610472295
|c Mus3-1263.008
|l MZK
|r Sklad / do 1 hodiny
|n 2
|p kup
|w 001171705
|u 000010
|a 1
|e BOA001
|j MZK50
|s P
|